| 000 | 00604nam a22001937a 4500 | ||
|---|---|---|---|
| 003 | OSt | ||
| 005 | 20180116192411.0 | ||
| 008 | 121128t2006 xxu||||| |||| 00| 0 eng d | ||
| 020 | _a9781932159967 | ||
| 040 | _c0 | ||
| 082 | _a720.22 | ||
| 100 | 1 |
_aKnoll, Wolfgang _95987 |
|
| 245 | 1 | 0 |
_aArchitectural models : _bconstruction techniques/ _cWolfgang Knoll & Martin Hechinger. |
| 260 |
_aMunich: _bJ.Ross Publishing; _c2006. |
||
| 300 |
_a142p. : _bill; _c28 cm. |
||
| 650 |
_aArchitectural models _yTechnique _95988 |
||
| 942 |
_2ddc _cBK |
||
| 999 |
_c353560 _d353560 |
||